00366pab a2200121 454500008004000000100002900040245006700069260000900136300001300145362001200158650002700170773004700197180718b2013 xxu||||| |||| 00| 0 eng d aSrivastav, Avinash Kumar aRole stress profiling: Application in a public sector industry c2013 ap.48-54. aJan-Mar aOrganizational disease aIndian Journal of Training and Development